000 00633nam a2200229Ia 4500
003 OSt
005 20221006165057.0
006 a|||||r|||| 00| 0
007 ta
008 221006b |||||||| |||| 00| 0 eng d
024 _a1,260
037 _cTextual
040 _aFML
_cFML
_beng
041 _2eng
_aeng
082 _aY:1.2'C, N2
100 _aKosambi D D Au.
_9196771
245 0 _aThe Culture and Civilization of Ancient India in Historical Outline
260 _aDelhi
_bVikas Publication
_c1992
300 _a243
_ccm.
942 _hY:1.2'C, N2
_cTEXL
_2CC
999 _c1119515
_d1119515